000 00436nam a2200157Ia 4500
999 _c35404
_d35404
003 OSt
005 20201209124721.0
008 190216s9999||||xx |||||||||||||| ||und||
040 _coclc
082 _a364
_bADA/C
100 _aAdams, Virginia
_97347
245 0 _aCrime /
_cVirginia Adams
260 _bTime Life International,
_aNederland:
_c1977.
300 _a176p
942 _cREF
_2ddc
_h364
_iADA/C
_k364
_mADA/C